Civil procedure code (Record no. 28071)

MARC details
000 -LEADER
fixed length control field 00342nam a2200133Ia 4500
082 ## - DEWEY DECIMAL CLASSIFICATION NUMBER
Classification number 347.91/.95
Item number PAV
100 ## - MAIN ENTRY--AUTHOR NAME
Personal name PAVITHRAN, A K
245 #0 - TITLE STATEMENT
Title Civil procedure code
260 ## - PUBLICATION, DISTRIBUTION, ETC. (IMPRINT)
Place of publication Bombay
Name of publisher Orient Longman
Year of publication 1974
650 ## - SUBJECT ADDED ENTRY--TOPICAL TERM
Topical Term Civil procedure code
700 ## - ADDED ENTRY--PERSONAL NAME
Personal name VENKATARAMAN, S
942 ## - ADDED ENTRY ELEMENTS (KOHA)
Koha item type Books
Holdings
Withdrawn status Lost status Damaged status Not for loan Home library Current library Date acquired Full call number Accession Number Koha item type
        RRII Library RRII Library 16/12/2021 347.91/.95 PAV 08680 Books